|
|
|
|
| LEADER |
00000nab a2200000 a 4500 |
| 001 |
vtls000460190 |
| 003 |
SK-MaSNL |
| 005 |
20260303221928.0 |
| 008 |
240102c1992 xo 0 hun |
| 015 |
|
|
|a SNBRB19rr/mm-uuuuu
|
| 035 |
|
|
|a CL0460322
|
| 040 |
|
|
|a SNKBUCL
|b slo
|c SNKBUCL
|e AACR2
|
| 041 |
0 |
|
|a hun
|
| 044 |
|
|
|a xo
|c SK
|
| 080 |
|
|
|a 894.511 (498)-3(087.5)=945.11
|2 1981
|
| 100 |
1 |
|
|a Kányádi, Sándor,
|d 1929-2018
|4 aut
|9 240057
|
| 245 |
1 |
0 |
|a Néma tulipán
|c Sándor Kányádi ; Zoltán Nagy
|
| 300 |
|
|
|b Ilustr. 1.
|
| 650 |
0 |
7 |
|a rozprávky autorské
|2 snkbucl
|9 315429
|
| 655 |
|
7 |
|a články z novín a časopisov
|2 snkbucl
|9 267496
|
| 655 |
|
7 |
|a články z odboru literárna veda a krásna literatúra
|2 snkbucl
|9 770045
|
| 700 |
1 |
|
|a Nagy, Zoltán
|4 gup
|9 355315
|
| 773 |
0 |
|
|t Tücsök
|g Roč. 2, č. 5 (1992), s. 21
|
| 850 |
|
|
|a Slovenská národná knižnica v Martine
|a MTA001
|
| 852 |
|
|
|a SNK
|b KIS3GCP
|
| 958 |
|
|
|a RK
|
| 958 |
|
|
|a HU
|
| 958 |
|
|
|a LX
|
| 958 |
|
|
|a RO
|
| 992 |
|
|
|a RBX
|
| 999 |
|
|
|c 2237005
|d 2238935
|